Surviv.io Pro Quiz - Statistics

General Stats
  • This quiz has been taken 28 times
  • The average score is 9 of 15
Answer Stats
Hint Answer % Correct
Which gun is the rarest in woods mode? M9
100%
Which weapon is the weakest in Surviv.io? M9
100%
Which mode has the most players per side? 50v50
95%
Who did Justin and Nick developers sell the game to? Kongregate
85%
Which gun explodes at contact? USAS-12
80%
Which is the best surviv.io player and this youtuber has 139K Subscribers (the most of any surviv youtuber)? iHASYOU
60%
What do you wear and is sometimes exclusive in the Survivr Battle Pass? Skin
60%
Which category of guns is mostly 9mm bullets using? SMG
60%
Which category of guns have the lowest average magazine capacity? Not Blasters/Launchers. Pistol
55%
Which is the most powerful category of guns with the largest avg. magazine size? LMG
50%
Which gun has the highest DPS with HOLLOW POINTS Perk? M134
45%
Which is the only gun which can't kill an unarmed player in one full magazine? M1911
45%
Which gun has the highest damage per shot? Rainbow Blaster
30%
Which gun is the newest and most recently added in the game? Flamethrower
15%
Which Suit/Skin makes the red team think you're on their side? Fire Suit
10%
No matching quizzes found
Score Distribution
Percent of People with Each Score
Percentile by Number Answered
Your Score History
You have not taken this quiz